George Bellows and urban America / (Record no. 27027)

000 -LEADER
fixed length control field 01151pam a2200301 a 4500
001 - CONTROL NUMBER
control field 1070108
005 - DATE AND TIME OF LATEST TRANSACTION
control field 20170207104720.0
008 - FIXED-LENGTH DATA ELEMENTS--GENERAL INFORMATION
fixed length control field 910506s1992 ctua b 001 0 eng
010 ## - LIBRARY OF CONGRESS CONTROL NUMBER
LC control number 91019375
020 ## - INTERNATIONAL STANDARD BOOK NUMBER
International Standard Book Number 0300050437 (alk. paper)
050 00 - LIBRARY OF CONGRESS CALL NUMBER
Classification number ND237 .B45D6 1991
082 00 - DEWEY DECIMAL CLASSIFICATION NUMBER
Classification number 759.13
Edition number 20
100 1# - MAIN ENTRY--PERSONAL NAME
Personal name Doezema, Marianne,
Dates associated with a name 1950-
245 10 - TITLE STATEMENT
Title George Bellows and urban America /
Statement of responsibility, etc. Marianne Doezema.
260 ## - PUBLICATION, DISTRIBUTION, ETC. (IMPRINT)
Place of publication, distribution, etc. New Haven :
Name of publisher, distributor, etc. Yale University Press,
Date of publication, distribution, etc. c1992.
300 ## - PHYSICAL DESCRIPTION
Extent viii, 244 p. :
Other physical details ill. (some col.) ;
Dimensions 27 cm.
500 ## - GENERAL NOTE
General note Errata slip laid in.
504 ## - BIBLIOGRAPHY, ETC. NOTE
Bibliography, etc Includes bibliographical references (p. [229]-239) and index.
600 10 - SUBJECT ADDED ENTRY--PERSONAL NAME
Personal name Bellows, George,
Dates associated with a name 1882-1925
General subdivision Criticism and interpretation.
650 #0 - SUBJECT ADDED ENTRY--TOPICAL TERM
Topical term or geographic name as entry element Cities and towns in art.
651 #0 - SUBJECT ADDED ENTRY--GEOGRAPHIC NAME
Geographic name United States
General subdivision In art.
942 ## - ADDED ENTRY ELEMENTS (KOHA)
Source of classification or shelving scheme
Koha item type Hard Covered Materials

No items available.

© Machakos University Library, Along The Highway, Machakos Wote Rd, Machakos, Kenya P.O. Box 136 - 90100 Machakos - Kenya

Tel: ( +254 ) 723 805829 OR Fax : 044-20353 OR Email: library@mksu.ac.ke